Central Library OPAC University of Rajshahi

Mushrooms and truffles : (Record no. 72829)

MARC details
000 -LEADER
fixed length control field 00776nam a2200265 a 4500
001 - CONTROL NUMBER
control field 72829
003 - CONTROL NUMBER IDENTIFIER
rucl marc code BD-RjUL
005 - DATE AND TIME OF LATEST TRANSACTION
control field 20211209082320.0
008 - FIXED-LENGTH DATA ELEMENTS--GENERAL INFORMATION
fixed length control field 170524s1961 enka b 001 0 eng d
035 ## - SYSTEM CONTROL NUMBER
System control number (BD-RjUL)73047
040 ## - CATALOGING SOURCE
Original cataloging agency DLC
Transcribing agency F
Modifying agency BD-RjUL
Language of cataloging eng
041 ## - LANGUAGE CODE
Language code of text/sound track or separate title eng
082 ## - DEWEY DECIMAL CLASSIFICATION NUMBER
Edition number 23
Classification number 579.6
Author mark and year SIM 1961
100 1# - MAIN ENTRY--PERSONAL NAME
Personal name Singer, Rolf.
9 (RLIN) 215409
245 10 - TITLE STATEMENT
Title Mushrooms and truffles :
Remainder of title botany, cultivation, and utilization /
Statement of responsibility, etc. By Rolf Singer
260 ## - PUBLICATION, DISTRIBUTION, ETC. (IMPRINT)
Place of publication, distribution, etc. London :
Name of publisher, distributor, etc. L. Hill,
Date of publication, distribution, etc. c1961.
300 ## - PHYSICAL DESCRIPTION
Pagination xxiii, 272 p. :
Illustrations ill. ;
Size 26 cm.
490 0# - SERIES STATEMENT
Series statement World crops books.
504 ## - BIBLIOGRAPHY, ETC. NOTE
Bibliography, etc Includes bibliographies and indexes.
650 #0 - SUBJECT ADDED ENTRY--TOPICAL TERM
Topical term or geographic name as entry element Mushrooms.
9 (RLIN) 215410
Topical term or geographic name as entry element Truffles.
9 (RLIN) 215411
830 ## - SERIES ADDED ENTRY--UNIFORM TITLE
Uniform title World crops books.
942 ## - ADDED ENTRY ELEMENTS (KOHA)
Source of classification or shelving scheme Dewey Decimal Classification
Koha item type Books
Holdings
Lost status Source of classification or shelving scheme Damaged status Not for loan Collection code Permanent Location Current Location Shelving location Date acquired Source of acquisition Cost, normal purchase price Total Checkouts Full call number Date last seen Copy number Koha item type
  Dewey Decimal Classification   Not For Loan Non-fiction Central Library, University of Rajshahi Central Library, University of Rajshahi Reading Room 09/12/2021 Blackwell Ltd. 4.75   579.6 SIM 1961 24/05/2017 C-1 Books